[Event "Xtracon Chess Open 2016"]
[Site "Helsingor DEN"]
[Date "2016.07.24"]
[Round "2.117"]
[White "Andreassen, Mikkel"]
[Black "Tolba, Henri"]
[Result "1/2-1/2"]
[WhiteElo "1937"]
[BlackElo "1688"]
[WhiteFideId "1412990"]
[BlackFideId "1418246"]
[EventDate "2016.07.23"]

1. d4 d5 2. c4 dxc4 3. e3 Nf6 4. Bxc4 e6 5. Nf3 Be7 6. O-O O-O 7. Qe2 c5 8. Rd1
Qc7 9. Nc3 a6 10. a4 Nc6 11. d5 exd5 12. Nxd5 Nxd5 13. Bxd5 Bf6 14. Rb1 Bg4 15.
h3 Bh5 16. g4 Bg6 17. e4 Nd4 18. Qe3 Nxf3+ 19. Qxf3 Be5 20. Be3 Rad8 21. b3 a5
22. Rbc1 b6 23. Kg2 Rd6 24. Qe2 Rdd8 25. Qf3 Rd6 26. h4 h6 27. Rh1 Rfd8 28. Rh3
Rf6 29. Qe2 Rxd5 30. exd5 Be4+ 31. f3 Bxd5 32. Qb5 Qc8 33. Kf2 Qxg4 34. Qe8+ Kh7
35. Qxe5 Qxh3 36. Qxd5 Qxh4+ 37. Ke2 Qh2+ 38. Kf1 Qh3+ 39. Kf2 Qh2+ 40. Kf1 Qh3+
41. Kf2 Qh2+ 1/2-1/2

[Event "Xtracon Chess Open 2016"]
[Site "Helsingor DEN"]
[Date "2016.07.24"]
[Round "2.118"]
[White "Ornebjerg, Henrik"]
[Black "Linderod, Lars Erik"]
[Result "0-1"]
[WhiteElo "1687"]
[BlackElo "1935"]
[WhiteFideId "1417550"]
[BlackFideId "1435965"]
[EventDate "2016.07.23"]

1. e4 c5 2. Nf3 Nc6 3. d4 cxd4 4. Nxd4 e5 5. Nf3 Nf6 6. Bd3 d5 7. Qe2 Bg4 8. c3
Bc5 9. Bg5 d4 10. Nbd2 dxc3 11. bxc3 Qa5 12. O-O O-O-O 13. Nb3 Qxc3 14. Nxc5
Qxc5 15. Rfc1 Qa3 16. Rxc6+ bxc6 17. Ba6+ Kc7 18. Bxf6 gxf6 19. Qc4 Be6 20. Qe2
Rd6 21. Nd2 Rhd8 22. Nf1 Rb8 23. Ne3 Rb2 24. Qf1 Rxa2 25. Rc1 Qxa6 0-1

[Event "Xtracon Chess Open 2016"]
[Site "Helsingor DEN"]
[Date "2016.07.24"]
[Round "2.119"]
[White "Saltvedt, Martin"]
[Black "Joensson, Jacob"]
[Result "1-0"]
[WhiteElo "1935"]
[BlackElo "1680"]
[WhiteFideId "1518500"]
[BlackFideId "1726315"]
[EventDate "2016.07.23"]

1. d4 Nf6 2. Nf3 e6 3. Bf4 d5 4. e3 Bd6 5. Bg3 O-O 6. Nbd2 b6 7. Bd3 Bb7 8. O-O
c5 9. c3 Nc6 10. Ne5 Ne4 11. Nxe4 Bxe5 12. dxe5 dxe4 13. Bxe4 Qc7 14. Qh5 h6 15.
f4 Ne7 16. Bc2 Rad8 17. Rad1 Bd5 18. f5 exf5 19. Bxf5 Nxf5 20. Qxf5 Qb7 21. Bh4
Rd7 22. Qg4 Be6 23. Qg3 Qe4 24. Rxd7 Bxd7 25. Rf4 Qb1+ 26. Rf1 Qe4 27. Qf4 Qd3
28. Be7 Re8 29. Qxf7+ Kh8 30. Bf8 Qxe3+ 31. Kh1 Rxf8 32. Qxf8+ Kh7 33. Qf7 Qe2
34. Qf3 Qc4 35. b3 Qe6 36. Qe4+ Kg8 37. c4 a6 38. Qd5 Bc8 39. Rd1 Kf7 40. Qd8 b5
41. Qc7+ Kg8 42. Rd8+ Kh7 43. Qxc8 Qxe5 44. Rh8+ Kg6 45. Qe8+ Kf5 46. Qh5+ g5
47. Rf8+ 1-0

[Event "Xtracon Chess Open 2016"]
[Site "Helsingor DEN"]
[Date "2016.07.24"]
[Round "2.120"]
[White "Birkestrand, Odd H"]
[Black "Westerlund, Ola"]
[Result "0-1"]
[WhiteElo "1676"]
[BlackElo "1930"]
[WhiteFideId "1502700"]
[BlackFideId "1712101"]
[EventDate "2016.07.23"]

1. e4 g6 2. d4 Bg7 3. Nf3 d6 4. c4 Nd7 5. Nc3 e5 6. d5 Ne7 7. Be2 O-O 8. O-O f5
9. Bg5 h6 10. Bxe7 Qxe7 11. exf5 gxf5 12. h3 Kh8 13. Kh1 Rg8 14. Rg1 Nf8 15. Nh2
Ng6 16. g3 a6 17. Qd3 Bf6 18. Bh5 Qg7 19. Rae1 Bd7 20. Nd1 e4 21. Qe2 Ne5 22.
Ne3 Nd3 23. Rb1 Be5 24. Nd1 Nf4 0-1

[Event "Xtracon Chess Open 2016"]
[Site "Helsingor DEN"]
[Date "2016.07.24"]
[Round "2.121"]
[White "Stam, Bart"]
[Black "Shehzad, Kasher"]
[Result "0-1"]
[WhiteElo "1929"]
[BlackElo "1656"]
[WhiteFideId "1006240"]
[BlackFideId "1521934"]
[EventDate "2016.07.23"]

1. e4 d5 2. exd5 Qxd5 3. Nc3 Qa5 4. g3 Nf6 5. Bg2 c6 6. Nge2 Bg4 7. b4 Qc7 8.
Rb1 a6 9. h3 Bh5 10. O-O e5 11. d4 exd4 12. Qxd4 Bg6 13. Bf4 Qd7 14. Qb6 Bxc2
15. Rb2 Bg6 16. Rd2 Qc8 17. Rfd1 Be7 18. Na4 Nbd7 19. Qe3 Kf8 20. Nb6 Nxb6 21.
Qxb6 Bf5 22. g4 Be6 23. Bd6 Bxd6 24. Rxd6 Nd5 25. Qc5 Kg8 26. Nd4 h5 27. Nxe6
fxe6 28. g5 h4 29. Re1 Nf4 30. Qe5 Qf8 31. Re4 Nxg2 32. Qxe6+ Qf7 33. Qxf7+ Kxf7
34. g6+ Kf8 35. Kxg2 Re8 36. Rf4+ Ke7 37. Rdd4 Ref8 38. Rde4+ Kd7 39. Rxh4 Rxh4
40. Rxh4 Rf6 41. Rg4 Rd6 42. h4 Ke7 43. h5 Rd8 44. Rf4 Rd5 45. Rf7+ Ke6 46. Rxb7
Rxh5 47. Rxg7 Rb5 48. a3 a5 49. Rc7 axb4 50. axb4 Kd6 51. g7 Rg5+ 0-1

[Event "Xtracon Chess Open 2016"]
[Site "Helsingor DEN"]
[Date "2016.07.24"]
[Round "2.123"]
[White "Jarlnaes, Erik"]
[Black "Hansen, Simon L."]
[Result "1-0"]
[WhiteElo "1928"]
[BlackElo "1636"]
[WhiteFideId "1414623"]
[BlackFideId "1446894"]
[EventDate "2016.07.23"]

1. e4 c5 2. Nf3 d6 3. d4 cxd4 4. Nxd4 Nf6 5. Nc3 g6 6. Be2 Bg7 7. O-O O-O 8. Be3
Nc6 9. Qd2 Bd7 10. Rad1 a6 11. Bf3 Rc8 12. Nxc6 Bxc6 13. Rfe1 b5 14. Nd5 Bb7 15.
c3 Nd7 16. Bg4 Rb8 17. Bg5 Bxd5 18. exd5 Bf6 19. Bxd7 Qxd7 20. Bxf6 exf6 21. Re3
Rfe8 22. Rde1 Re5 23. f4 Rxe3 24. Qxe3 Kf8 25. Kf2 Qc7 26. Qd4 Kg7 27. Re3 Rc8
28. b3 Qc5 29. Qxc5 Rxc5 30. Rd3 Kf8 31. Ke3 Ke7 32. Kd4 Kd7 33. Rd2 Rc8 34. Re2
f5 35. Re3 a5 36. Re2 Ra8 37. c4 bxc4 38. bxc4 Rb8 39. Kc3 Rb4 40. a3 Rb1 41.
Rb2 Rxb2 42. Kxb2 Kc7 43. Kc3 h6 44. h4 f6 45. Kd4 Kb6 46. Kd3 Kc5 47. Kc3 g5
48. g3 h5 1-0

[Event "Xtracon Chess Open 2016"]
[Site "Helsingor DEN"]
[Date "2016.07.24"]
[Round "2.124"]
[White "Meyer, Juergen"]
[Black "Rygg, Andreas Gangstad"]
[Result "1-0"]
[WhiteElo "1925"]
[BlackElo "1631"]
[WhiteFideId "24661759"]
[BlackFideId "1527754"]
[EventDate "2016.07.23"]

1. e4 d5 2. exd5 Qxd5 3. Nc3 Qd6 4. d4 Nf6 5. Nf3 a6 6. Be2 b5 7. O-O e6 8. Ne5
Nbd7 9. Bf3 Rb8 10. Bf4 Nxe5 11. Bxe5 Qd8 12. d5 Bd6 13. Bxd6 Qxd6 14. dxe6 Qxd1
15. exf7+ Kxf7 16. Raxd1 Bf5 17. Nd5 Bxc2 18. Rc1 Be4 19. Rxc7+ Ke6 20. Bxe4
Nxe4 21. Ne3 g5 22. Rfc1 Rb6 23. f3 Nd6 24. Ng4 h5 25. Re1+ Kd5 26. Nf6+ Kd4 27.
Rd1+ 1-0

[Event "Xtracon Chess Open 2016"]
[Site "Helsingor DEN"]
[Date "2016.07.24"]
[Round "2.125"]
[White "Madsen, Svend"]
[Black "Edvardsen, Ragnar"]
[Result "0-1"]
[WhiteElo "1638"]
[BlackElo "1924"]
[WhiteFideId "1419846"]
[BlackFideId "1502719"]
[EventDate "2016.07.23"]

1. e4 e5 2. d4 exd4 3. c3 dxc3 4. Bc4 cxb2 5. Bxb2 Bb4+ 6. Nc3 Nf6 7. Bxf7+ Kxf7
8. Qb3+ d5 9. Qxb4 dxe4 10. Rd1 Qe7 11. Qb3+ Qe6 12. Nd5 Na6 13. Ne2 Nc5 14. Qc4
Nd3+ 15. Rxd3 exd3 16. Qxc7+ Bd7 17. Nf4 Qc6 18. Qxc6 Bxc6 19. Nxd3 Rhe8 20.
Ne5+ Kg8 21. Nxc6 bxc6 22. Bxf6 gxf6 0-1

[Event "Xtracon Chess Open 2016"]
[Site "Helsingor DEN"]
[Date "2016.07.24"]
[Round "2.126"]
[White "Johansen, Johnny Holler"]
[Black "Skaale, Janus"]
[Result "1-0"]
[WhiteElo "1919"]
[BlackElo "1628"]
[WhiteFideId "1405551"]
[BlackFideId "7201575"]
[EventDate "2016.07.23"]

1. e4 c5 2. Nf3 d6 3. d3 Nc6 4. g3 g6 5. Bg2 Bg7 6. O-O Nf6 7. h3 O-O 8. c3 Qc7
9. Be3 b5 10. Nbd2 Bb7 11. Re1 a5 12. Qc2 Nd7 13. Nf1 a4 14. a3 Na5 15. N3d2 Nb6
16. Nh2 d5 17. f4 e6 18. e5 Rac8 19. Qd1 Rfd8 20. Rc1 Qd7 21. Qe2 d4 22. Bxb7
Qxb7 23. cxd4 cxd4 24. Rxc8 Qxc8 25. Bf2 Qc2 26. Ne4 Qc6 27. Ng4 Nb3 28. Ngf6+
Bxf6 29. Nxf6+ Kg7 30. Qg4 Nd5 31. Ne4 Qc2 32. Qe2 Rc8 33. Nd6 Qxe2 34. Rxe2
Rc1+ 35. Kh2 Nc7 36. g4 Rc5 37. Bh4 Nd5 38. Bg3 b4 39. Nc4 bxa3 40. bxa3 Nc1 41.
Re4 Nxd3 42. Rxd4 Kf8 43. Kg1 Kg7 44. Rxd3 Rxc4 45. Rf3 Kf8 46. Kf2 Rc2+ 47. Kf1
Ke7 48. Rd3 Kd7 49. Ke1 Kc6 50. Kd1 Rc4 51. Rf3 Nc3+ 52. Ke1 Nb5 53. Kd2 Nd4 54.
Rd3 Nb3+ 55. Ke3 Nc5 56. Rd6+ Kc7 57. Bh4 Rc3+ 58. Kd4 Rxh3 59. Bd8+ Kc8 60.
Kxc5 Rxa3 61. Ba5 Rg3 62. Kc6 Kb8 63. Rd8+ Ka7 64. Bb6+ Ka6 65. Ra8# 1-0

[Event "Xtracon Chess Open 2016"]
[Site "Helsingor DEN"]
[Date "2016.07.24"]
[Round "2.127"]
[White "Stuhr, Peter Sebastian"]
[Black "Jacobsen, Elise Sjottem"]
[Result "1/2-1/2"]
[WhiteElo "1918"]
[BlackElo "1611"]
[WhiteFideId "1426729"]
[BlackFideId "1516493"]
[EventDate "2016.07.23"]

1. e4 c5 2. Nc3 Nc6 3. f4 g6 4. Bb5 Nd4 5. a4 Bg7 6. e5 Nxb5 7. axb5 d6 8. Nf3
Bg4 9. h3 Be6 10. d4 cxd4 11. Qxd4 Qb8 12. O-O dxe5 13. Nxe5 Nf6 14. Be3 Nd7 15.
Rxa7 Rxa7 16. Qxa7 Qxa7 17. Bxa7 Nxe5 18. fxe5 Bxe5 19. Na4 Bc4 20. Re1 Bxb5 21.
Rxe5 Bxa4 22. Bc5 e6 23. b3 Bd7 24. Bd6 f6 25. Ra5 Kf7 26. c4 Bc6 27. b4 Rd8 28.
c5 Rd7 29. b5 Be4 30. Ra4 Bd5 31. Ra8 e5 32. Rc8 Ke6 33. g4 Be4 34. Kf2 Bd5 35.
Re8+ Kf7 36. Ra8 b6 37. c6 Rxd6 38. c7 Be6 39. c8=Q Bxc8 40. Rxc8 Rd5 41. Rc7+
Ke6 42. Rc6+ Rd6 43. Rc7 Rd5 44. Rc6+ Rd6 45. Rc7 Rd5 46. Rc6+ 1/2-1/2

[Event "Xtracon Chess Open 2016"]
[Site "Helsingor DEN"]
[Date "2016.07.24"]
[Round "2.128"]
[White "Grotle, Ramona"]
[Black "Klitgaard, Ebbe"]
[Result "1-0"]
[WhiteElo "1632"]
[BlackElo "1914"]
[WhiteFideId "1516841"]
[BlackFideId "1414941"]
[EventDate "2016.07.23"]

1. e4 d5 2. exd5 Qxd5 3. Nc3 Qa5 4. d4 Nf6 5. Nf3 c6 6. Bc4 Bf5 7. Bd2 e6 8. Bb3
Qc7 9. Qe2 Bd6 10. O-O-O O-O 11. h3 h6 12. g4 Bh7 13. g5 hxg5 14. Nxg5 Bf4 15.
Nxh7 Nxh7 16. Rhg1 Nd7 17. Qg4 Bxd2+ 18. Rxd2 g6 19. Bxe6 Ndf6 20. Qxg6+ Kh8 21.
Qg7# 1-0

[Event "Xtracon Chess Open 2016"]
[Site "Helsingor DEN"]
[Date "2016.07.24"]
[Round "2.129"]
[White "Undheim, Bjarne"]
[Black "Horslund, Mikael"]
[Result "1-0"]
[WhiteElo "1910"]
[BlackElo "1604"]
[WhiteFideId "1506862"]
[BlackFideId "1421042"]
[EventDate "2016.07.23"]

1. e4 c5 2. Nf3 e6 3. b3 Nc6 4. Bb2 d6 5. Bb5 Bd7 6. O-O Qc7 7. d4 O-O-O 8. d5
Nb8 9. a4 e5 10. Na3 Be7 11. Nd2 Nf6 12. Bxd7+ Nbxd7 13. Nb5 Qb8 14. Bc3 Rdg8
15. Ba5 b6 16. Bc3 a6 17. Na3 g5 18. Qe2 a5 19. Bb2 Kd8 20. c3 Ke8 21. b4 Kf8
22. bxa5 Kg7 23. axb6 Nxb6 24. Nb5 h5 25. a5 Na8 26. Rfb1 Ng4 27. Bc1 Qc8 28.
Na7 Qd7 29. Nc6 f5 30. a6 f4 31. Rb7 Nc7 32. Nc4 Bf6 33. f3 Nxh2 34. Kxh2 g4 35.
Na7 g3+ 36. Kg1 h4 37. Nb5 Bd8 38. Nbxd6 h3 39. Nf5+ Kf6 40. Nxe5 Kxe5 41. c4
Kf6 42. Rb6+ Kg5 43. Bxf4+ Kxf4 44. Qd2+ Ke5 45. f4+ Kxe4 46. Nd6+ Qxd6 47. Rxd6
hxg2 48. Qxg2+ Kf5 49. Qc2+ Kg4 50. Rg6+ Kh4 1-0

[Event "Xtracon Chess Open 2016"]
[Site "Helsingor DEN"]
[Date "2016.07.24"]
[Round "2.130"]
[White "Skjoldager, Morten"]
[Black "French, Max"]
[Result "0-1"]
[WhiteElo "1629"]
[BlackElo "1908"]
[WhiteFideId "1434322"]
[BlackFideId "426652"]
[EventDate "2016.07.23"]

1. e4 c6 2. Nf3 d5 3. exd5 cxd5 4. d4 Nc6 5. Bf4 Nf6 6. c3 Bg4 7. Nbd2 Bxf3 8.
Nxf3 Qb6 9. Qc2 Rc8 10. Rd1 g6 11. Qb1 Bg7 12. Bd3 O-O 13. O-O Nd7 14. Rfe1 Rfe8
15. Be3 Na5 16. Re2 Nc4 17. Rde1 Qd6 18. Bg5 e6 19. Nd2 f6 20. Bh4 Nxd2 21. Rxd2
Qf4 22. g3 Qxd2 23. f4 Rxc3 24. bxc3 Qxc3 25. Bb5 Qxd4+ 26. Kh1 Re7 27. Bxd7
Rxd7 28. Rxe6 Qc4 29. Bxf6 Kf7 30. Re7+ Rxe7 31. Bxe7 Kxe7 32. Qxb7+ Ke6 33.
Qxg7 Qf1# 0-1

[Event "Xtracon Chess Open 2016"]
[Site "Helsingor DEN"]
[Date "2016.07.24"]
[Round "2.131"]
[White "Joensen, Sigurd"]
[Black "Ramkilde, Mikael"]
[Result "1/2-1/2"]
[WhiteElo "1615"]
[BlackElo "1907"]
[WhiteFideId "7200935"]
[BlackFideId "1439391"]
[EventDate "2016.07.23"]

1. e4 g6 2. Nf3 Bg7 3. d4 d6 4. c3 Nd7 5. Bd3 c5 6. O-O Qb6 7. d5 Ngf6 8. Nbd2
O-O 9. Nc4 Qc7 10. Re1 b5 11. Ne3 c4 12. Bc2 Nc5 13. Nf1 Bg4 14. h3 Bd7 15. Bg5
h6 16. Bf4 a5 17. Qd2 Kh7 18. e5 Ng8 19. exd6 exd6 20. Ng3 Rab8 21. Nh5 Bh8 22.
Be3 1/2-1/2

[Event "Xtracon Chess Open 2016"]
[Site "Helsingor DEN"]
[Date "2016.07.24"]
[Round "2.132"]
[White "Nielsen, Thomas1"]
[Black "Starup, Leo"]
[Result "1/2-1/2"]
[WhiteElo "1906"]
[BlackElo "1598"]
[WhiteFideId "1407147"]
[BlackFideId "1422669"]
[EventDate "2016.07.23"]

1. d4 Nf6 2. c4 d5 3. Nc3 e6 4. Nf3 Be7 5. Bg5 b6 6. g3 Bb7 7. Bg2 O-O 8. O-O
Nbd7 9. Rc1 c6 10. Qa4 a5 11. cxd5 exd5 12. Rfe1 Re8 13. a3 Rc8 14. Bh3 Ra8 15.
Rcd1 b5 16. Qc2 b4 17. Nb1 a4 18. axb4 Bxb4 19. Bd2 Bd6 20. Nc3 Nb6 21. Bg5 h6
22. Bc1 a3 23. bxa3 Bxa3 24. Bxa3 Rxa3 25. Rb1 Ra7 26. Ne5 Re7 27. Qb3 Na8 28.
Rec1 Qd6 29. Ra1 Rxa1 30. Rxa1 c5 31. Qa3 Ne4 32. Nxe4 dxe4 33. e3 Rc7 34. Nc4
Qd5 35. Qb3 cxd4 1/2-1/2

[Event "Xtracon Chess Open 2016"]
[Site "Helsingor DEN"]
[Date "2016.07.24"]
[Round "2.133"]
[White "van den Brink, Nienke"]
[Black "Janse, Sebastiaan"]
[Result "0-1"]
[WhiteElo "1612"]
[BlackElo "1903"]
[WhiteFideId "1452568"]
[BlackFideId "36052191"]
[EventDate "2016.07.23"]

1. e4 e5 2. Nc3 Nc6 3. f4 exf4 4. Nf3 d6 5. d4 g5 6. d5 Ne5 7. Nd4 a6 8. h4 Bg7
9. hxg5 Qxg5 10. Nce2 Qg6 11. Nf5 Bxf5 12. exf5 Qxf5 13. Nxf4 Nf6 14. c3 O-O-O
15. Qa4 Rhe8 16. Kd1 Nfg4 17. Rh5 Nf2+ 18. Kd2 Ne4+ 19. Kd1 Qg4+ 20. Be2 Nf2+
21. Kd2 Qg3 22. Rxh7 Ng6 23. Ne6 fxe6 24. Bxa6 Qf4+ 25. Qxf4 Nxf4 26. Bb5 Rg8
27. Ke3 Be5 28. Kxf2 Rxg2+ 29. Kf3 Rg1 30. dxe6 Nxe6 31. Kf2 Rg6 32. Be3 Rf8+
33. Ke2 c6 34. Bc4 d5 35. Bb3 Rg2+ 36. Kd3 Rf3 37. Rh4 Nc5# 0-1

[Event "Xtracon Chess Open 2016"]
[Site "Helsingor DEN"]
[Date "2016.07.24"]
[Round "2.134"]
[White "Stokhaug, Jon Arne"]
[Black "Kyrkjebo, Eirik"]
[Result "1/2-1/2"]
[WhiteElo "1901"]
[BlackElo "1590"]
[WhiteFideId "1506781"]
[BlackFideId "1511580"]
[EventDate "2016.07.23"]

1. d4 d5 2. Nf3 c6 3. c4 Nf6 4. Nc3 e6 5. e3 a6 6. b3 Bb4 7. Bd2 O-O 8. Bd3 b5
9. O-O dxc4 10. bxc4 c5 11. cxb5 Qa5 12. Qc2 axb5 13. Ne4 Nbd7 14. dxc5 Bxd2 15.
Nfxd2 Ba6 16. Rfc1 Rfc8 17. Nxf6+ Nxf6 18. Ne4 Nd7 19. Nd6 Rxc5 20. Bxh7+ Kf8
21. Qe4 Rxc1+ 22. Rxc1 Rd8 23. Qc6 Nf6 24. Qc5 Nd7 25. Qc6 Nf6 26. Qc5 Nd7 27.
Qc6 1/2-1/2

[Event "Xtracon Chess Open 2016"]
[Site "Helsingor DEN"]
[Date "2016.07.24"]
[Round "2.135"]
[White "Vestjord, Harald Christian"]
[Black "Lunde, Sigmund"]
[Result "1-0"]
[WhiteElo "1608"]
[BlackElo "1894"]
[WhiteFideId "1521187"]
[BlackFideId "1511351"]
[EventDate "2016.07.23"]

1. d4 Nf6 2. c4 e6 3. Nc3 d5 4. cxd5 exd5 5. Bg5 Be7 6. e3 O-O 7. Bd3 b6 8. Nge2
Bb7 9. O-O Nbd7 10. f3 Rc8 11. Bh4 c5 12. Bf2 Bd6 13. h3 Re8 14. Qd2 Qe7 15.
Rfe1 c4 16. Bc2 a6 17. a3 Nf8 18. Ng3 Bb8 19. e4 Qc7 20. e5 N6d7 21. Nf5 Qd8 22.
Bh4 f6 23. f4 Re6 24. Ne3 g5 25. fxg5 fxg5 26. Bg3 Nf6 27. Bf5 Nh5 28. Bxe6+
Nxe6 29. Ne2 b5 30. Bh2 Bc7 31. Rf1 Bb6 32. Nf5 Rc7 33. g4 Nhf4 34. Nxf4 gxf4
35. Bxf4 a5 36. Be3 b4 37. axb4 1-0

[Event "Xtracon Chess Open 2016"]
[Site "Helsingor DEN"]
[Date "2016.07.24"]
[Round "2.136"]
[White "Marthedal, Anton Mehmet Yildiz"]
[Black "Langvik, Ulrikke"]
[Result "0-1"]
[WhiteElo "1891"]
[BlackElo "1583"]
[WhiteFideId "1441540"]
[BlackFideId "1517910"]
[EventDate "2016.07.23"]

1. d4 e6 2. Nf3 f5 3. e3 Nf6 4. Bd3 Be7 5. O-O O-O 6. Nbd2 b6 7. Qe2 Bb7 8. b3
d6 9. Bb2 Ne4 10. a4 a5 11. Rfd1 Nd7 12. Bc4 d5 13. Bd3 Ndf6 14. Ne5 Bb4 15. Nb1
Nd7 16. Nf3 Rf6 17. Rc1 Rh6 18. c3 Bd6 19. Ba3 Bxh2+ 20. Nxh2 Qh4 21. Kf1 Qxh2
22. Qf3 Ndf6 23. Ke2 Rg6 24. Rf1 Rxg2 25. Ra2 Ng3+ 0-1

[Event "Xtracon Chess Open 2016"]
[Site "Helsingor DEN"]
[Date "2016.07.24"]
[Round "2.137"]
[White "Nesse, David"]
[Black "Manz, Andreas"]
[Result "1/2-1/2"]
[WhiteElo "1604"]
[BlackElo "1890"]
[WhiteFideId "1519875"]
[BlackFideId "24660108"]
[EventDate "2016.07.23"]

1. e4 c5 2. Nc3 e6 3. Nge2 a6 4. g3 d5 5. exd5 exd5 6. d4 Bg4 7. Bg2 Nf6 8. dxc5
Bxc5 9. Nxd5 O-O 10. Nxf6+ Qxf6 11. O-O Rd8 12. Qe1 Re8 13. Be3 Qb6 14. Bxc5
Qxc5 15. Qc3 Qxc3 16. Nxc3 Nc6 17. Rfe1 Red8 18. Nd5 Kf8 19. Nb6 Rab8 20. h3 Be6
21. Rad1 Rxd1 22. Rxd1 Ke7 23. f4 h6 24. g4 f5 25. Re1 Kd6 26. Rd1+ Kc7 27. Nd5+
Kc8 28. Bf3 fxg4 29. Bxg4 Bxg4 30. hxg4 b6 31. f5 Kb7 32. f6 gxf6 33. Nxf6 Rf8
34. Rf1 Rd8 35. Rf2 Ne5 36. Kg2 Rd4 37. Kh3 Ng6 38. Ng8 h5 39. gxh5 Rh4+ 40. Kg3
Rxh5 41. Rf7+ Kb8 42. Rf6 Rg5+ 43. Kf3 Nh4+ 44. Kf4 Rxg8 45. Rxb6+ Ka7 46. Rb3
Ng2+ 47. Ke5 Rd8 48. c4 Ne1 49. Rc3 Nd3+ 50. Ke6 Nxb2 51. c5 Na4 52. Rc4 Nb2 53.
Rc3 Rd4 54. c6 Rc4 55. Rxc4 Nxc4 56. Kd7 Nb6+ 57. Kd8 Nd5 58. c7 Nxc7 59. Kxc7 1/2-1/2

[Event "Xtracon Chess Open 2016"]
[Site "Helsingor DEN"]
[Date "2016.07.24"]
[Round "2.138"]
[White "Thybo, Thomas Sondergaard"]
[Black "Gade, Jens"]
[Result "1-0"]
[WhiteElo "1886"]
[BlackElo "1575"]
[WhiteFideId "1441299"]
[BlackFideId "1416111"]
[EventDate "2016.07.23"]

1. g3 d5 2. Bg2 Nf6 3. c4 e6 4. d4 Be7 5. Nf3 O-O 6. O-O c5 7. cxd5 Nxd5 8. Nc3
cxd4 9. Nxd5 exd5 10. Nxd4 Be6 11. e4 Nc6 12. Nxe6 fxe6 13. exd5 exd5 14. Qxd5+
Qxd5 15. Bxd5+ Kh8 16. Be3 Bf6 17. Rab1 a6 18. b4 Rfd8 19. Rfd1 Be5 20. a4 Rab8
21. b5 axb5 22. axb5 Ne7 23. Ba7 Ra8 24. Bxb7 Rxd1+ 25. Rxd1 Rxa7 26. Rd8+ Ng8
27. Bd5 h6 28. Bxg8 Re7 29. b6 Bf6 30. Rc8 1-0

[Event "Xtracon Chess Open 2016"]
[Site "Helsingor DEN"]
[Date "2016.07.24"]
[Round "2.139"]
[White "Mottang, Harald"]
[Black "Sande, Odmund"]
[Result "0-1"]
[WhiteElo "1597"]
[BlackElo "1877"]
[WhiteFideId "1508423"]
[BlackFideId "1507770"]
[EventDate "2016.07.23"]

1. Nf3 d5 2. d4 e6 3. c4 c6 4. g3 f5 5. Bg2 Nf6 6. Nc3 Bd6 7. O-O O-O 8. cxd5
exd5 9. e3 Nbd7 10. Bd2 Ne4 11. a3 Qe7 12. b4 Ndf6 13. Qe2 Bd7 14. Rfc1 Nxd2 15.
Nxd2 Ne4 16. Ndxe4 fxe4 17. b5 Bxa3 18. Rc2 Bb4 19. bxc6 Bxc6 20. Na4 a6 21. Nc5
Bb5 22. Qh5 Rad8 23. Bh3 Rf6 24. Rac1 Bxc5 25. Rxc5 Bc4 26. R1xc4 dxc4 27. Re5
Qb4 28. Re8+ Rxe8 29. Qxe8+ Rf8 30. Be6+ Kh8 31. Qd7 Qe1+ 32. Kg2 Qxf2+ 33. Kh3
c3 34. Qxb7 c2 35. Qc7 Qf1+ 0-1

[Event "Xtracon Chess Open 2016"]
[Site "Helsingor DEN"]
[Date "2016.07.24"]
[Round "2.140"]
[White "Andersen, Daniel"]
[Black "Merkesvik, Amalie Isabel"]
[Result "1-0"]
[WhiteTitle "FM"]
[WhiteElo "1875"]
[BlackElo "1574"]
[WhiteFideId "1402714"]
[BlackFideId "1514369"]
[EventDate "2016.07.23"]

1. d4 d5 2. Nf3 Nf6 3. c4 c6 4. Nc3 e6 5. Bg5 Be7 6. e3 O-O 7. Bd3 dxc4 8. Bxc4
Nbd7 9. O-O Nd5 10. Bxe7 Qxe7 11. e4 Nxc3 12. bxc3 Nb6 13. Bb3 Rd8 14. Qe2 c5
15. Rfd1 Bd7 16. Ne5 Rac8 17. Nxd7 Rxd7 18. a4 cxd4 19. cxd4 Rdc7 20. a5 Nc4 21.
Ra4 b5 22. axb6 Nxb6 23. Raa1 Qb4 24. Rab1 Qa3 25. d5 exd5 26. Bxd5 Rc2 27. Qf3
Qe7 28. g3 Nxd5 29. exd5 g6 30. d6 Qf8 31. Rb7 Rd8 32. Rxa7 Qe8 33. d7 Qe7 34.
Ra8 Kg7 35. Rxd8 Qxd8 36. Qd3 Rc7 37. Qd6 Rb7 38. Qe5+ f6 39. Qe8 Rb8 40. Re1
Qc7 41. Qe7+ Kh6 42. Qxf6 Qd8 43. Re7 Rb1+ 44. Kg2 Qa8+ 45. Kh3 Qa5 46. Qf4+ 1-0

[Event "Xtracon Chess Open 2016"]
[Site "Helsingor DEN"]
[Date "2016.07.24"]
[Round "2.141"]
[White "Bjarnason, Larus H"]
[Black "Fossan, Benjamin"]
[Result "0-1"]
[WhiteElo "1586"]
[BlackElo "1873"]
[WhiteFideId "2304848"]
[BlackFideId "1518100"]
[EventDate "2016.07.23"]

1. d4 Nf6 2. c4 g6 3. Nc3 d5 4. Bf4 Bg7 5. e3 O-O 6. c5 c6 7. Bd3 Re8 8. h3 Nbd7
9. b4 e5 10. Bxe5 Nxe5 11. dxe5 Rxe5 12. Nf3 Re8 13. Ne2 b6 14. Rc1 bxc5 15.
Rxc5 Bf8 16. Rxc6 Bxb4+ 17. Kf1 Bd7 18. Rc1 Qa5 19. g3 Rac8 20. Rxc8 Rxc8 21.
Qb1 Qc5 22. Nfd4 Qe7 23. Kg2 a5 24. Bc2 Ne4 25. Qb3 Qd6 26. h4 h5 27. Nf4 Nc3
28. Rc1 Ba4 29. Qb2 Ba3 30. Qa1 Bxc1 31. Qxc1 Nxa2 32. Qb2 Bxc2 33. Qxa2 Qc5 34.
Qxd5 Qxd5+ 35. Nxd5 Be4+ 0-1

[Event "Xtracon Chess Open 2016"]
[Site "Helsingor DEN"]
[Date "2016.07.24"]
[Round "2.142"]
[White "Stuhlmann, Alexander"]
[Black "Kristensen, Thomas Overgaard"]
[Result "1-0"]
[WhiteElo "1873"]
[BlackElo "1568"]
[WhiteFideId "12969788"]
[BlackFideId "1419803"]
[EventDate "2016.07.23"]

1. f4 e5 2. fxe5 d6 3. Nf3 dxe5 4. e4 Nf6 5. c3 Bg4 6. Be2 Nc6 7. d3 Bc5 8. Bg5
Bb6 9. Nbd2 h6 10. Bh4 Bxf3 11. Nxf3 Qd6 12. Bxf6 Qxf6 13. Qd2 O-O-O 14. O-O-O
Rd7 15. Rhf1 Qe6 16. Kb1 Rhd8 17. h3 Kb8 18. Ne1 Qe7 19. Bg4 Rd6 20. Qe2 a6 21.
Nc2 Ba7 22. Ne3 Qg5 23. Nf5 Rf6 24. h4 Qg6 25. Bh3 Na5 26. Ne7 Qh7 27. Rxf6 gxf6
28. Rf1 Rd6 29. Qg4 Ka8 30. Kc2 Qh8 31. Qg8+ Qxg8 32. Nxg8 Nc6 33. Nxh6 Be3 34.
Nxf7 Nd4+ 35. cxd4 Rc6+ 36. Kd1 exd4 37. h5 Rc1+ 38. Ke2 Rc2+ 39. Kf3 Rd2 40. h6
Rxd3 41. Kg4 1-0